My first book of the planets / (Record no. 7196)

MARC details
000 -LEADER
fixed length control field 00886nam a22002777a 4500
001 - CONTROL NUMBER
control field 7196
003 - CONTROL NUMBER IDENTIFIER
control field FISKH
005 - DATE AND TIME OF LATEST TRANSACTION
control field 20250702101356.0
008 - FIXED-LENGTH DATA ELEMENTS--GENERAL INFORMATION
fixed length control field 250702b cb ||||| |||| 00| 0 eng d
040 ## - CATALOGING SOURCE
Original cataloging agency FISKH
Language of cataloging eng
Transcribing agency FISKH
Modifying agency 523.4 LCC QB602 .W56
050 ## - LIBRARY OF CONGRESS CALL NUMBER
Classification number QB602 .W56
082 ## - DEWEY DECIMAL CLASSIFICATION NUMBER
Classification number 523.4
100 ## - MAIN ENTRY--PERSONAL NAME
Personal name Winthrop, Elizabeth
245 ## - TITLE STATEMENT
Title My first book of the planets /
Statement of responsibility, etc. By Elizabeth Winthrop ; Illustrated by John Nez
260 ## - PUBLICATION, DISTRIBUTION, ETC.
Place of publication, distribution, etc. New York :
Name of publisher, distributor, etc. Western Publishing Company,
Date of publication, distribution, etc. 1985.
300 ## - PHYSICAL DESCRIPTION
Extent 24 unnumbered pages :
Other physical details color illustrations ;
Dimensions 20 cm
490 ## - SERIES STATEMENT
Series statement A little golden book
505 ## - FORMATTED CONTENTS NOTE
Formatted contents note K<br/>
520 ## - SUMMARY, ETC.
Summary, etc. Introduces the characteristics of the sun, moon, and planets.<br/>
521 8# - TARGET AUDIENCE NOTE
Target audience note 510<br/>
Source Lexile estimate<br/>
521 8# - TARGET AUDIENCE NOTE
Target audience note K<br/>
Source Raz-Plus<br/>
650 ## - SUBJECT ADDED ENTRY--TOPICAL TERM
Topical term or geographic name entry element Planets
Form subdivision Astronomy
General subdivision Science
700 ## - ADDED ENTRY--PERSONAL NAME
Personal name Nez, John
Relator term illustrator
942 ## - ADDED ENTRY ELEMENTS (KOHA)
Source of classification or shelving scheme Dewey Decimal Classification
Koha item type Books
Suppress in OPAC No
Holdings
Withdrawn status Lost status Source of classification or shelving scheme Damaged status Not for loan Collection Home library Current library Shelving location Date acquired Total Checkouts Full call number Barcode Date last seen Date last checked out Copy number Price effective from Koha item type
    Dewey Decimal Classification     Non-Fiction Footprints International School Library Network Toul Kork Campus Footprints International School Library Network Toul Kork Campus TK Primary Library Room(4th Floor), Bookcase 3&4, Shelves 17-32, Yellow Books 07/02/2025 1 WIN 523.4 QB602 .W56 FISBK00168 03/20/2026 01/30/2026 1 07/02/2025 Books